000 00939nam a2200277 i 4500
001 bg
100 1 _aSULMICKI, Jan
245 1 0 _aStabilność rynków finansowych a wejście Polski do strefy euro /
_cJan Sulmicki.
260 _aWarszawa :
_bSzkoła Główna Handlowa - Oficyna Wydawnicza,
_c2005.
300 _a234 s. ;
_c24 cm.
504 _aBibliogr.
610 2 9 _aUnia Europejska
_xa Polska
_xfinanse
650 9 _aFinanse międzynarodowe
650 9 _aUnia Gospodarcza i Walutowa
650 9 _aRynek finansowy
_zPolska
_yod 1989 r.
650 9 _aRynek finansowy
_xUnia Europejska
651 9 _aPolska
_xa Unia Europejska
_xfinanse
020 _a8373781900
040 _cBPK
041 0 _apol
080 _a339.7:336](438:4-67)
920 _a83-7378-190-0
942 _cKS
008 s pl f |000 0 pol
999 _c51291
_d51291
856 _uhttp://koha.tu.koszalin.pl/cgi-bin/koha/opac-detail.pl?biblionumber=51291
_yKatalog online BPK